000 00309nam a22001217a 4500
008 180522b xxu||||| |||| 00| 0 eng d
041 _aeng
080 _a043.3
100 _a0
101 _aSHKI-BA
245 _aDizajnimi dhe Implementimi i MPLS L3VPN duke perdorur YANG dhe XML
_cZekaj, G
942 _2udc
_cBK
999 _c46240
_d46240